000 00315nam a22001217a 4500
005 20240424160337.0
008 191210s1996 ck a|||br|||| 00| 0 spa d
040 _aCO-JMCR
_cCO-JMCR
245 1 0 _aCaja Viajera BibloRed
546 0 _aTextos en EspaƱol e Ingles.
999 _c30748
_d17132